书目信息 |
| 题名: |
绿色包装技术及其典型案例
|
|
| 作者: | 陈昌杰 主编 | |
| 分册: | ||
| 出版信息: | 北京 化学工业出版社 2008.03 |
|
| 页数: | 345页 | |
| 开本: | 21cm | |
| 丛书名: | ||
| 单 册: | ||
| 中图分类: | TB484 | |
| 科图分类: | ||
| 主题词: | 包装材料--无污染技术 | |
| 电子资源: | ||
| ISBN: | 978-7-122-01842-7 | |
| 000 | 00732nam0 2200217 450 | |
| 001 | 003797515 | |
| 005 | 20100814110212.96 | |
| 010 | @a978-7-122-01842-7@dCNY29.00 | |
| 100 | @a20100515d2008 em y0chiy50 ea | |
| 101 | 0 | @achi |
| 102 | @aCN@b110000 | |
| 105 | @ay z 000yy | |
| 200 | 1 | @a绿色包装技术及其典型案例@Alu se bao zhuang ji shu ji qi dian xing an li@f陈昌杰主编 |
| 210 | @a北京@c化学工业出版社@d2008.03 | |
| 215 | @a345页@d21cm | |
| 330 | @a本书共分为三篇,分别从绿色包装材料、绿色包装生产工艺与绿色包装助剂、包装废弃物的回收等方面循序渐进地介绍了无污染包装技术。 | |
| 606 | 0 | @a包装材料@x无污染技术 |
| 690 | @aTB484@v4 | |
| 701 | 0 | @a陈昌杰@Achen chang jie@4主编 |
| 801 | 0 | @aCN@c20100515 |
| 905 | @dTB484@eC380@f5 | |
| 绿色包装技术及其典型案例/陈昌杰主编.-北京:化学工业出版社,2008.03 |
| 345页;21cm |
| ISBN 978-7-122-01842-7:CNY29.00 |
| 本书共分为三篇,分别从绿色包装材料、绿色包装生产工艺与绿色包装助剂、包装废弃物的回收等方面循序渐进地介绍了无污染包装技术。 |
| ● |
| 相关链接 |
|
|
|
正题名:绿色包装技术及其典型案例
索取号:TB484/C380
 
预约/预借
| 序号 | 登录号 | 条形码 | 馆藏地/架位号 | 状态 | 备注 |
| 1 | 1029314 | 210293145 | 自科二线504/501自科库 17排2列5层/ [索取号:TB484/C380] | 在馆 | |
| 2 | 1029315 | 210293154 | 自科库501/501自科库 17排4列2层/ [索取号:TB484/C380] | 在馆 | |
| 3 | 1029316 | 210293163 | 自科库501/501自科库 17排4列2层/ [索取号:TB484/C380] | 在馆 | |
| 4 | 1029317 | 210293172 | 自科二线504/501自科库 17排2列5层/ [索取号:TB484/C380] | 在馆 | |
| 5 | 1029318 | 210293181 | 自科二线504/501自科库 17排2列5层/ [索取号:TB484/C380] | 在馆 |